| 000 | 00000cam 2200000zi 4500 |
| 001 | 9.557402 |
| 003 | CaOODSP |
| 005 | 20230131161131 |
| 007 | cr ||||||||||| |
| 008 | 150406s2000||||xxc|||||o f|0| 0 eng d |
| 020 | |a0-660-18015-4 |
| 040 | |aCaOODSP|beng |
| 043 | |an-cn--- |
| 086 | 1 |aM44-2000/B1E-PDF|zM44-2000/B1E-IN |
| 100 | 1 |aWolfe, Stephen Andrew, |d1963- |eauthor. |
| 245 | 10|aRecent warming impacts in the Mackenzie Delta, Northwest Territories, and northern Yukon Territory coastal areas / |cby S.A. Wolfe, E. Kotler, and F.M. Nixon. |
| 260 | |aOttawa, Ontario : |bNatural Resources Canada, |c2000. |
| 300 | |a1 online resource (11 pages). |
| 336 | |atext|btxt|2rdacontent |
| 337 | |acomputer|bc|2rdamedia |
| 338 | |aonline resource|bcr|2rdacarrier |
| 490 | 1 |aCurrent research ; |v2000-B1 |
| 546 | |aRésumés en français. |
| 590 | |a00-04|b2000-01-28 |
| 690 | 07|aGlobal warming|2gcpds |
| 690 | 07|aIce|2gcpds |
| 710 | 2 |aGeological Survey of Canada, |eissuing body. |
| 830 | #0|aCurrent research (Geological Survey of Canada)|v2000-B1|w(CaOODSP)9.506236 |
| 856 | 40|ahttp://publications.gc.ca|qPDF|s391 KB|uhttps://publications.gc.ca/collections/Collection-R/GSC-CGC/M44-2000/M44-2000-B1E.pdf|y2000-B1 |